Personagens da Disney - Statistics

Estatísticas Gerais
  • Esse quiz foi jogado 1 683 vezes
    1 643 desde o último reset
  • A pontuação média é 13 de 15
Estatísticas das Respostas
Hint Resposta % Correto
O rato mais conhecido da Disney Mickey
99%
A rata mais conhecida da Disney Minnie
99%
Apaixona-se pela Fera Bela
98%
Come uma maçã envenenada Branca de neve
97%
Só pode ficar no baile até á meia noite Cinderela
97%
O pato mais conhecido da Disney Donald
97%
Está presa numa torre Rapunzel
96%
Vive no fundo do mar Ariel
95%
É um boneco de neve Olaf
95%
É a vilã dos 101 dálmatas Cruella
93%
Namorada do pato mais conhecido da Disney Margarida
91%
É a mascote do rato mais conhecido da Disney Pluto
91%
É uma fada da terra do nunca Sininho
91%
Cão que tem um chapéu verde Pateta
88%
É uma fada do gelo Nirrad
1%
Nenhum quiz correspondente encontrado
Distribuição das Pontuações
Porcentagem de Pessoas com Cada Pontuação
Percentil de Números Respondidos
Sua Pontuação Histórica
Você não jogou esse quiz desde o último reset